Κατάλογος Βιβλιοθηκών Mediterranean College

Στατιστική (Record no. 2558)

MARC details
000 -LEADER
fixed length control field 01534cam a22001814a 4500
005 - ΗΜΕΡΟΜΗΝΙΑ ΚΑΙ ΩΡΑ ΤΕΛΕΥΤΑΙΑΣ ΕΝΗΜΕΡΩΣΗΣ
Πεδίο ελέγχου 20250605164046.0
008 - FIXED-LENGTH DATA ELEMENTS--GENERAL INFORMATION
Πεδίο ελέγχου σταθερού μήκους 250528s ||||||||||||||||||||||||d
035 ## - SYSTEM CONTROL NUMBER
System control number 17118
040 ## - ΠΗΓΗ ΚΑΤΑΛΟΓΟΓΡΑΦΗΣΗΣ
Φορέας πρωτότυπης καταλογογράφησης MC Athens Campus Library
Γλώσσα καταλογογράφησης Ελληνικά, Μοντέρνα (1453-)
Modifying agency MC Athens Campus Library
Κανόνες περιγραφικής καταλογογράφησης AACR2
245 1# - ΤΙΤΛΟΣ ΚΑΙ ΔΗΛΩΣΗ ΥΠΕΥΘΥΝΟΤΗΤΑΣ
Τίτλος Στατιστική
260 ## - PUBLICATION, DISTRIBUTION, ETC.
Name of publisher, distributor, etc. Interbooks,
Date of publication, distribution, etc. 1993
300 ## - PHYSICAL DESCRIPTION
Extent 766
520 ## - SUMMARY, ETC.
Summary, etc. Εισαγωγή, Συλλογή Στατιστικών Στοιχείων, Παρουσίαση Στατιστικών Στοιχείων, Εμπειρικές ΚατανομέςΣυχνοτήτων μιας Μεταβλητής, Παράμετροι Μονομεταβλητών Πληθυσμών, Διασπορά, Ασσυμμετρία - Κύρτωση, Παλλινδρόμηση και Συσχέτιση Δύο Μεταβλητών, Πολλαπλή Παλινδρόμηση και Συσχέτιση, Χρονολογικές Σειρές, Αριθμοδείκτες, Βασικές Έννοιες των Ενδεχόμενων, Συνδυαστική Θεωρία, Η Έννοια της Πιθανότητας, Τυχαίες Μεταβλητές, Θεωρητικές Κατανομές, Περίπτωση Δύο Τυχαίων Μεταβλητών, Δειγματοληψία, Κατανομές Δειγματοληψίας, Παράγωγες Κατανομές, Εκτιμητική, Έλεγχος Υποθέσεων, Στατιστικοί Πίνακες, Βιβλιογραφία.
700 1# - ΠΡΟΣΘΕΤΗ ΑΝΑΓΡΑΦΗ--ΦΥΣΙΚΟ ΠΡΟΣΩΠΟ
Personal name Κιόχος Πέτρος Απ
9 (RLIN) 2769
942 ## - ADDED ENTRY ELEMENTS (KOHA)
Koha item type Books
Holdings
Τύπος τεκμηρίου Βιβλιοθήκη Τρέχουσα τοποθεσία Barcode Αριθμός εισαγωγής Ημερομηνία απόκτησης Ταξιθετικό σύμβολο Αριθμός αντιτύπου Κατάσταση απόσυρσης Κατάσταση χαμένου Κατάσταση κατεστραμμένου Μη δανεισμός Σύνολο δανεισμών Ημερομηνία τελευταίας εμφάνισης Η τιμή ισχύει από
Books MC Athens Campus Library MC Athens Campus Library 9780000025579 7766 05/06/2025 519.5 ΚΙΟ 2           05/06/2025 05/06/2025

MC Athens Campus Library
Πατησίων 94 & Κοδριγκτώνος 13, 104 34
Πελλήνης 8 & Πατησίων 107, 112 51
Τ: +30 210 8899600

MC Thessaloniki Campus Library
Ίωνος Δραγούμη 21, 54625 | Ίωνος Δραγούμη 15, 54625
Τ: +30 2310 287779 – Τ: +30 2314 440300